MCU characters by image - E - Statistics

General Stats
  • This quiz has been taken 55 times
  • The average score is 9 of 16
Answer Stats
Picture Answer % Correct
Erik Killmonger
89%
Ego
84%
Electro
84%
Elektra
78%
Eddie Brock
76%
Ebony Maw
64%
Echo
64%
Erik Selvig
58%
Eros
56%
Everett Ross
51%
Eleanor Bishop
49%
Emil Blonsky
49%
Eitri
47%
Edwin Jarvis
33%
Elena Cardenas
7%
Elliot Grotte
4%
No matching quizzes found
Score Distribution
Percent of People with Each Score
Percentile by Number Answered
Your Score History
You have not taken this quiz